000 00475nam a2200157Ia 4500
005 20260601193221.0
008 260601s9999||||xx |||||||||||||| ||und||
020 _a978-981-99-1999-4
_qebk
100 _aRaymond S. T. Lee
245 0 _aNatural Language Processing
250 _a2024
260 _aHeidelberg, Germany
_bSpringer Nature
_c2024
650 _aComputer Science
856 _uhttps://link.springer.com/openurl?genre=book&isbn=978-981-99-1999-4
942 _cEB
_2ddc
999 _c55797
_d55797